000
00282nam a2200121Ia 4500
005
20251222144757.0
008
251222s9999||||xx |||||||||||||| ||spa||
082
_a
641.598.5/S66
100
_a
Solórzano, Flavio
245
0
_a
Perú a la Mesa:
264
_b
Asturias
942
_c
LIB
999
_c
19580
_d
19580